Nagaland church and politics / (Record no. 2467)
[ view plain ]
| 000 -LEADER | |
|---|---|
| fixed length control field | 00924nam a2200301 a 4500 |
| 001 - CONTROL NUMBER | |
| control field | 545320 |
| 003 - CONTROL NUMBER IDENTIFIER | |
| control field | GBCCL |
| 005 - DATE AND TIME OF LATEST TRANSACTION | |
| control field | 20241126110430.0 |
| 008 - FIXED-LENGTH DATA ELEMENTS--GENERAL INFORMATION | |
| fixed length control field | 880108s1986 ii abf b 000 0 eng |
| 010 ## - | |
| -- | 87903088 |
| 020 ## - INTERNATIONAL STANDARD BOOK NUMBER | |
| Terms of availability | Rs65.00 |
| 025 ## - OVERSEAS ACQUISITION NUMBER | |
| Overseas acquisition number | I E 55042 |
| 040 ## - CATALOGING SOURCE | |
| Original cataloging agency | DLC |
| Transcribing agency | DLC |
| Modifying agency | DLC |
| 043 ## - | |
| -- | a-ii--- |
| 050 00 - | |
| -- | DS485.N27 |
| -- | N84 1986 |
| 082 00 - DEWEY DECIMAL CLASSIFICATION NUMBER | |
| Classification number | 954.165 |
| Edition information | 19 |
| Item number | NUH |
| 100 1# - MAIN ENTRY--PERSONAL NAME | |
| Personal name | Nuh, V. K. |
| 9 (RLIN) | 5114 |
| 245 10 - TITLE STATEMENT | |
| Title | Nagaland church and politics / |
| Statement of responsibility, etc. | by V.K. Nuh. |
| 250 ## - EDITION STATEMENT | |
| Edition statement | 1st ed. |
| 260 ## - PUBLICATION, DISTRIBUTION, ETC. | |
| Place of publication, distribution, etc. | [Kohima, Nagaland, India] : |
| Name of publisher, distributor, etc. | V. Nuh & Bro., |
| Date of publication, distribution, etc. | c1986. |
| 300 ## - PHYSICAL DESCRIPTION | |
| Extent | xiv, 235 p., [13] p. of plates : |
| Other physical details | ill., 2 folded maps ; |
| Dimensions | 23 cm. |
| 504 ## - BIBLIOGRAPHY, ETC. NOTE | |
| Bibliography, etc. note | Bibliography: p. [227]-229. |
| 650 #0 - SUBJECT ADDED ENTRY--TOPICAL TERM | |
| Topical term or geographic name entry element | Church and state |
| Geographic subdivision | India |
| -- | Nāgāland. |
| 9 (RLIN) | 5115 |
| 651 #0 - SUBJECT ADDED ENTRY--GEOGRAPHIC NAME | |
| Geographic name | Nāgāland (India) |
| General subdivision | Politics and government. |
| 9 (RLIN) | 5116 |
| 906 ## - LOCAL DATA ELEMENT F, LDF (RLIN) | |
| a | 7 |
| b | cbc |
| c | orignew |
| d | 3 |
| e | ncip |
| f | 19 |
| g | y-gencatlg |
| 942 ## - ADDED ENTRY ELEMENTS (KOHA) | |
| Source of classification or shelving scheme | Dewey Decimal Classification |
| Koha item type | Books |
| Koha issues (borrowed), all copies | 9 |
| Withdrawn status | Lost status | Source of classification or shelving scheme | Damaged status | Not for loan | Home library | Current Library | Shelving location | Date acquired | Total checkouts | Full call number | Barcode | Date last seen | Date last checked out | Copy number | Price effective from | Koha item type |
|---|---|---|---|---|---|---|---|---|---|---|---|---|---|---|---|---|
| Dewey Decimal Classification | GRACE BIBLE COLLEGE | GRACE BIBLE COLLEGE | North East Collection | 2017-08-16 | 9 | 954.165 NUH | 001226 | 2025-05-01 | 2023-03-01 | c.1 | 2017-08-16 | Books |